000 00407pab a2200169 454500
008 180718b2009 xxu||||| |||| 00| 0 eng d
100 _aSingh, Avadhesh Kumar
245 _aParadigms of management: an Indian discourse
260 _c2009
300 _ap.1-13.
362 _a3 Aug
650 _aManagement - India
650 _aManagement
773 _aUniversity News
908 _aN
909 _a83294
999 _c83294
_d83294